[Event "Muensterland Verbandsklasse-A 1112"]
[Site "Germany"]
[Date "2012.05.12"]
[Round "9.2"]
[White "Lemli, Thomas"]
[Black "Kuhlenbaeumer, Willi"]
[Result "0-1"]
[WhiteElo "1991"]
[BlackElo "1938"]
[PlyCount "90"]
[EventDate "2011.09.17"]
[EventType "team-tourn"]
[EventRounds "9"]
[EventCountry "GER"]
[SourceTitle "EXT 2013"]
[Source "ChessBase"]
[SourceDate "2012.11.22"]
[SourceVersion "1"]
[SourceVersionDate "2012.11.22"]
[SourceQuality "1"]
[WhiteTeam "Emsdetten Rochade"]
[BlackTeam "Telgte"]
[WhiteTeamCountry "GER"]
[BlackTeamCountry "GER"]

1. Nf3 Nf6 2. c4 g6 3. Nc3 Bg7 4. e4 d6 5. d4 0-0 6. Be2 e5 7. Be3 Nc6 8. d5 Ne7 9. Nd2 Ne8 10. b4 f5 11. f3 Rf7 12. c5 Bf8 13. Nc4 f4 14. Bf2 Rg7 15. cxd6 cxd6 16. Nb5 a6 17. Nb6 Rb8 18. Nc3 g5 19. Rc1 Ng6 20. b5 a5 21. Nxc8 Rxc8 22. b6 h5 23. Nb5 Rxc1 24. Qxc1 Nh4 25. Rg1 g4 26. Kd2 g3 27. hxg3 fxg3 28. Be3 Be7 29. Qc3 Bf6 30. Na7 Nxg2 31. Rxg2 h4 32. Qc8 Qxc8 33. Nxc8 h3 34. Rg1 g2 35. f4 h2 36. Bf3 hxg1Q 37. Bxg1 exf4 38. Na7 Bd8 39. Ke2 Bxb6 40. Bxb6 g1Q 41. Bxg1 Rxg1 42. Nb5 Kg7 43. e5 dxe5 44. d6 Nf6 45. Bxb7 Kf7 0-1

[Event "Muensterland Verbandsklasse-A 1112"]
[Site "Germany"]
[Date "2012.03.10"]
[Round "7.3"]
[White "Kuhlenbaeumer, Willi"]
[Black "Schroer, Klaus"]
[Result "0-1"]
[WhiteElo "1938"]
[BlackElo "1962"]
[PlyCount "60"]
[EventDate "2011.09.17"]
[EventType "team-tourn"]
[EventRounds "9"]
[EventCountry "GER"]
[SourceTitle "EXT 2013"]
[Source "ChessBase"]
[SourceDate "2012.11.22"]
[SourceVersion "1"]
[SourceVersionDate "2012.11.22"]
[SourceQuality "1"]
[WhiteTeam "Telgte"]
[BlackTeam "Borken"]
[WhiteTeamCountry "GER"]
[BlackTeamCountry "GER"]

1. e4 e5 2. f4 d5 3. exd5 e4 4. d3 Nf6 5. dxe4 Nxe4 6. Nf3 Bc5 7. Qe2 Bf2+ 8. Kd1 Qxd5+ 9. Nfd2 f5 10. Nc3 Qd4 11. Ncxe4 fxe4 12. c3 Qa4+ 13. b3 Qa5 14. Nxe4 0-0 15. Nxf2 Bf5 16. Qc4+ Kh8 17. Be3 Na6 18. a4 c5 19. g4 b5 20. Qe2 Qxc3 21. Rc1 Rad8+ 22. Bd2 Qxb3+ 23. Ke1 Rfe8 24. gxf5 Rxe2+ 25. Bxe2 Qxa4 26. Rg1 Rxd2 27. Kxd2 Qxf4+ 28. Kd1 Qxf2 29. Rg3 c4 30. Ra3 Nb4 0-1

[Event "Muensterland Verbandsklasse-A 1112"]
[Site "Germany"]
[Date "2012.02.11"]
[Round "6.3"]
[White "Reinhold, Klaus"]
[Black "Kuhlenbaeumer, Willi"]
[Result "1/2-1/2"]
[WhiteElo "1951"]
[BlackElo "1938"]
[PlyCount "48"]
[EventDate "2011.09.17"]
[EventType "team-tourn"]
[EventRounds "9"]
[EventCountry "GER"]
[SourceTitle "EXT 2013"]
[Source "ChessBase"]
[SourceDate "2012.11.22"]
[SourceVersion "1"]
[SourceVersionDate "2012.11.22"]
[SourceQuality "1"]
[WhiteTeam "Gronau"]
[BlackTeam "Telgte"]
[WhiteTeamCountry "GER"]
[BlackTeamCountry "GER"]

1. d4 Nf6 2. c4 c5 3. d5 e6 4. Nc3 exd5 5. cxd5 d6 6. Nf3 g6 7. Bf4 Bg7 8. Qa4+ Bd7 9. Qb3 Qc7 10. e4 0-0 11. Be2 b6 12. Nd2 Ne8 13. Nc4 Kh8 14. Rd1 h6 15. h3 f6 16. 0-0 Rf7 17. Bh2 Bf8 18. f4 f5 19. e5 Bc8 20. e6 Rh7 21. Bf3 Qe7 22. Bg3 Na6 23. Rfe1 Nac7 24. Nb5 Bb7 1/2-1/2

[Event "Muensterland Verbandsklasse-B 1011"]
[Site "Germany"]
[Date "2010.12.11"]
[Round "4.1"]
[White "Kuhlenbaeumer, Willi"]
[Black "Bruemmer, Andreas"]
[Result "1/2-1/2"]
[WhiteElo "1969"]
[BlackElo "1914"]
[PlyCount "33"]
[EventDate "2010.09.18"]
[EventType "team-tourn"]
[EventRounds "9"]
[EventCountry "GER"]
[SourceTitle "EXT 2012"]
[Source "ChessBase"]
[SourceDate "2011.11.24"]
[SourceVersion "1"]
[SourceVersionDate "2011.11.24"]
[SourceQuality "1"]
[WhiteTeam "Telgte"]
[BlackTeam "Rheine Klein Berlin II"]
[WhiteTeamCountry "GER"]
[BlackTeamCountry "GER"]

1. e4 d6 2. f4 c5 3. Nc3 Nc6 4. Bb5 Bd7 5. Bxc6 Bxc6 6. d4 cxd4 7. Qxd4 Nf6 8. Nf3 e6 9. h3 Be7 10. Be3 0-0 11. 0-0 d5 12. exd5 Nxd5 13. Nxd5 Qxd5 14. c4 Qxd4 15. Nxd4 Be4 16. Rad1 Rac8 17. b3 1/2-1/2

[Event "Muensterland Verbandsklasse-B 1011"]
[Site "Germany"]
[Date "2010.10.09"]
[Round "2.2"]
[White "Rebber, Christian"]
[Black "Kuhlenbaeumer, Willi"]
[Result "1-0"]
[WhiteElo "1921"]
[BlackElo "1969"]
[PlyCount "91"]
[EventDate "2010.09.18"]
[EventType "team-tourn"]
[EventRounds "9"]
[EventCountry "GER"]
[SourceTitle "EXT 2012"]
[Source "ChessBase"]
[SourceDate "2011.11.24"]
[SourceVersion "1"]
[SourceVersionDate "2011.11.24"]
[SourceQuality "1"]
[WhiteTeam "Ahaus Wessum"]
[BlackTeam "Telgte"]
[WhiteTeamCountry "GER"]
[BlackTeamCountry "GER"]

1. b4 f5 2. Bb2 Nf6 3. e3 e6 4. b5 Be7 5. Nf3 0-0 6. Be2 d6 7. d4 Nbd7 8. 0-0 Ne4 9. c4 Ndf6 10. Nbd2 Bd7 11. a4 Qe8 12. Nxe4 fxe4 13. Nd2 Qg6 14. Kh1 d5 15. Ba3 Rae8 16. f4 Qh6 17. Qe1 Kh8 18. Bxe7 Rxe7 19. Qg3 Be8 20. Qg5 Qg6 21. Qxg6 Bxg6 22. g4 h6 23. Kg2 Rc8 24. h4 c6 25. g5 Ne8 26. c5 Bf5 27. Rfc1 g6 28. Nb3 hxg5 29. hxg5 Rh7 30. Rh1 b6 31. Rxh7+ Kxh7 32. bxc6 bxc5 33. Nxc5 Rxc6 34. Bb5 Rc8 35. Bd7 Rb8 36. Bxe8 Rxe8 37. Rb1 Re7 38. a5 Bg4 39. Kf2 Kg7 40. a6 Kf7 41. Rb8 Bd1 42. Ke1 Bg4 43. Kd2 Rc7 44. Rb7 Re7 45. Nd7 Bh5 46. Rxa7 1-0